000 00520nam a22001577a 4500
008 150313b xxu||||| |||| 00| 0 eng d
050 _aPS628.N4K5
100 _aKing, Woodie (ed.)
_916344
245 _aBlack drama anthology
_c/by Woodie King and Ron Milner
260 _aNew York
_bThe New American library
_c1971
300 _ax,671p. ;
_c18cm.
650 _aAmerican drama
_xNegro authors
_916345
650 _aAmerican drama
_y20th century
_916346
700 _aRon Milner (ed.)
_916347
942 _2lcc
_cMONOGRAPH
999 _c122444
_d122444